| 000 | 01001nam a22003137a 4500 | ||
|---|---|---|---|
| 003 | CHAP | ||
| 005 | 20220817043207.0 | ||
| 008 | 971013s1984 r 00010 d | ||
| 010 | _a68129 | ||
| 011 | _a69101 | ||
| 035 | _a78575 | ||
| 040 | _cCHAP | ||
| 082 |
_a636.085 _bH4 1984 |
||
| 100 | 0 | 0 |
_aHernández Benedí, José Manuel. _953855 |
| 245 | _aManual de nutrición y alimentación del ganado | ||
| 250 | _a2 ed. | ||
| 260 |
_aMadrid : _bMinisterio de Agricultura, Pesca y Alimentación, _c1984 |
||
| 300 |
_a487 p. _b: ilus. |
||
| 500 | _a27-11 | ||
| 590 |
_aBATCH-UPD _b10 _c20130110 _lUCH01 _h1548 |
||
| 590 |
_aBATCH-UPD _b10 _c20130410 _lUCH01 _h0946 |
||
| 590 |
_aBATCH-UPD _b10 _c20130914 _lUCH01 _h1845 |
||
| 590 |
_aCONVERSION _b10 _c20130109 _lUCH01 _h1337 |
||
| 650 | 1 | 4 |
_aAlimentos y alimentacion del ganado. _94326 |
| 650 | 1 | 4 | _aNutrición animal. |
| 901 | _aBK | ||
| 942 | _cLIBRO | ||
| 949 |
_a636.085 H4 1984 _bBC _cLIBRO _d33724000767091 _eLIBRO _gI.135499 _h71732 _i78575 _si _t21.55 |
||
| 999 |
_c68129 _d68129 |
||